[Event "Gaprindashvili Cup (Women)"]
[Site "Tornelo INT"]
[Date "2020.11.08"]
[Round "3"]
[White "Tqeshelashvili, Sopio"]
[Black "Tsatsalashvili, Ketevan"]
[Result "0-1"]
[WhiteElo "2269"]
[BlackElo "2331"]
[PlyCount "68"]
[EventDate "2020.11.08"]
[EventType "swiss (rapid)"]
[EventRounds "9"]
[EventCountry "GEO"]
[SourceTitle "CBM 199 Extra"]
[Source "ChessBase"]
[SourceDate "2021.01.31"]
[SourceVersion "1"]
[SourceVersionDate "2021.01.31"]
[SourceQuality "1"]

1. e4 c5 2. Nf3 d6 3. Bc4 e6 4. Qe2 Nc6 5. c3 Be7 6. 0-0 Nf6 7. Bb3 d5 8. e5 Nd7 9. d4 g5 10. Be3 h5 11. Nfd2 Nf8 12. Bc2 Qc7 13. Nb3 b6 14. dxc5 Nxe5 15. cxb6 axb6 16. Bxb6 Qb8 17. Bd4 Nfd7 18. N1d2 Ba6 19. Qe3 Bxf1 20. Nxf1 Rg8 21. Re1 Bd6 22. Bh7 Rg7 23. Bb1 Kf8 24. h3 Kg8 25. Ng3 Nc4 26. Qe2 Bxg3 27. Bxg7 Bh2+ 28. Kh1 Kxg7 29. Qxh5 Bf4 30. g3 Nf6 31. Qf3 Nd2 32. Qd3 Nxb3 33. gxf4 Ne4 34. axb3 Nxf2+ 0-1

[Event "Tbilisi Chiburdanidze Cup"]
[Site "Tbilisi"]
[Date "2009.06.11"]
[Round "7"]
[White "Mzhavia, Kristine"]
[Black "Tqeshelashvili, Sopio"]
[Result "1/2-1/2"]
[WhiteElo "2059"]
[BlackElo "2276"]
[PlyCount "141"]
[EventDate "2009.06.05"]
[EventType "swiss"]
[EventRounds "9"]
[EventCountry "GEO"]
[SourceTitle "CBM 130 Extra"]
[Source "ChessBase"]
[SourceDate "2009.07.02"]
[SourceVersion "2"]
[SourceVersionDate "2009.07.15"]
[SourceQuality "1"]

1. d4 d5 2. c4 c6 3. Nf3 Nf6 4. e3 Bf5 5. cxd5 cxd5 6. Ne5 a6 7. b4 e6 8. Bd2 Bd6 9. b5 0-0 10. Nc3 Nbd7 11. Nxd7 Qxd7 12. Be2 Rfc8 13. bxa6 bxa6 14. 0-0 Ba3 15. Qb3 Qe7 16. Nb1 Bd6 17. Qd1 Qb7 18. Ba5 Qb2 19. Bc3 Rxc3 20. Nxc3 Qxc3 21. Rc1 Qa3 22. Rc6 e5 23. dxe5 Bxe5 24. Qd2 h6 25. Rfc1 Bb2 26. Rd1 Qa4 27. Rb6 Be5 28. Rc1 Qd7 29. Bxa6 Qd8 30. Qb4 Nd7 31. Rbc6 Nb8 32. Rc8 Bxc8 33. Rxc8 Nxa6 34. Rxd8+ Rxd8 35. Qa5 Rc8 36. f4 Bf6 37. Qxa6 Rc1+ 38. Kf2 d4 39. Qa8+ Kh7 40. Qe4+ g6 41. exd4 Rd1 42. d5 Rd2+ 43. Kf3 Rxa2 44. Qe8 Kg7 45. d6 Rd2 46. d7 Rd3+ 47. Ke2 Rd6 48. g4 Re6+ 49. Kf3 Rd6 50. Qc8 g5 51. fxg5 hxg5 52. Qc7 Rd3+ 53. Ke2 Rd4 54. h4 Rxg4 55. hxg5 Bxg5 56. Qe5+ Kg6 57. Qxg5+ Rxg5 58. d8Q Re5+ 59. Kf3 Re6 60. Kf4 Kg7 61. Qd4+ Kg8 62. Qd8+ Kg7 63. Kf5 Rg6 64. Qh4 Re6 65. Qd4+ Kg8 66. Kg5 Rg6+ 67. Kh5 Re6 68. Qh4 Rg6 69. Qd8+ Kg7 70. Qe8 Re6 71. Qb8 1/2-1/2

[Event "Tbilisi Chiburdanidze Cup"]
[Site "Tbilisi"]
[Date "2009.06.07"]
[Round "3"]
[White "Beridze, Tinatin"]
[Black "Tqeshelashvili, Sopio"]
[Result "1-0"]
[WhiteElo "2054"]
[BlackElo "2276"]
[PlyCount "85"]
[EventDate "2009.06.05"]
[EventType "swiss"]
[EventRounds "9"]
[EventCountry "GEO"]
[SourceTitle "CBM 130 Extra"]
[Source "ChessBase"]
[SourceDate "2009.07.02"]
[SourceVersion "2"]
[SourceVersionDate "2009.07.15"]
[SourceQuality "1"]

1. e4 c5 2. Nf3 d6 3. Bb5+ Bd7 4. Bxd7+ Qxd7 5. 0-0 Nf6 6. e5 Nd5 7. d4 e6 8. dxc5 dxc5 9. Qe2 Be7 10. c4 Nb6 11. Rd1 Qc7 12. Nc3 a6 13. Bf4 0-0 14. Ne4 Nc6 15. b3 h6 16. h4 Nd7 17. Qb2 b5 18. cxb5 axb5 19. Nd6 Rfb8 20. Qe2 Na7 21. Rac1 Nb6 22. Be3 Nd5 23. Bxc5 Qa5 24. Nd4 b4 25. Bxa7 Qxa7 26. Nc6 Qb6 27. Rxd5 exd5 28. Nxe7+ Kf8 29. Qh5 g6 30. Qxh6+ Kxe7 31. Qg5+ Kd7 32. Qg4+ Ke7 33. Qf3 Rf8 34. Qxd5 Rxa2 35. Qf3 f6 36. Nc8+ Rxc8 37. Rxc8 f5 38. Qg3 Ra1+ 39. Kh2 Qe6 40. Qg5+ Kf7 41. Rc7+ Ke8 42. f4 Rb1 43. Qh6 1-0

[Event "Batumi BCSA op"]
[Site "Batumi"]
[Date "2003.07.20"]
[Round "4"]
[White "Tqeshelashvili, Sopio"]
[Black "Ioseliani, Irina"]
[Result "1-0"]
[WhiteElo "2321"]
[BlackElo "2030"]
[PlyCount "35"]
[EventDate "2003.07.16"]
[EventType "swiss"]
[EventRounds "9"]
[EventCountry "GEO"]
[SourceTitle "CBM 095 Extra"]
[Source "ChessBase"]
[SourceDate "2003.09.04"]
[SourceVersion "1"]
[SourceVersionDate "2003.09.04"]
[SourceQuality "1"]

1. d4 d5 2. Nf3 Nf6 3. Bf4 e6 4. e3 c5 5. c3 Nc6 6. Nbd2 Be7 7. h3 0-0 8. Bd3 c4 9. Bc2 b5 10. a3 a5 11. Qe2 Bb7 12. e4 b4 13. e5 Ne8 14. h4 bxc3 15. Bxh7+ Kxh7 16. Ng5+ Kg8 17. Qh5 cxd2+ 18. Bxd2 1-0

[Event "Batumi BCSA op"]
[Site "Batumi"]
[Date "2003.07.19"]
[Round "3"]
[White "Morchiashvili, Bachana"]
[Black "Tqeshelashvili, Sopio"]
[Result "1-0"]
[WhiteElo "2199"]
[BlackElo "2321"]
[PlyCount "99"]
[EventDate "2003.07.16"]
[EventType "swiss"]
[EventRounds "9"]
[EventCountry "GEO"]
[SourceTitle "CBM 095 Extra"]
[Source "ChessBase"]
[SourceDate "2003.09.04"]
[SourceVersion "1"]
[SourceVersionDate "2003.09.04"]
[SourceQuality "1"]

1. e4 c5 2. Nf3 Nc6 3. d4 cxd4 4. Nxd4 Nf6 5. Nc3 d6 6. Bc4 Qb6 7. Nb3 e6 8. 0-0 a6 9. a4 Qc7 10. a5 Nb4 11. Bd3 b5 12. axb6 Qxb6 13. Be3 Qb8 14. Na5 Be7 15. Nc4 Qb7 16. Be2 0-0 17. Ra3 d5 18. Nb6 Rb8 19. exd5 Nbxd5 20. Ncxd5 Nxd5 21. Rb3 Nxe3 22. fxe3 Bc5 23. Nd7 Bxe3+ 24. Kh1 Qxd7 25. Rxb8 Qc7 26. Rb4 e5 27. Bd3 g6 28. Qe2 Bf4 29. Bxa6 Qd6 30. Ra4 Bd7 31. Raa1 Bc6 32. Bc4 e4 33. Ra6 g5 34. Ra7 Qh6 35. h3 e3 36. Kg1 Qh4 37. Rxf7 Rxf7 38. Bxf7+ Kg7 39. Bc4 Qg3 40. Rxf4 Qxf4 41. Bd3 Qd4 42. Qg4 Qf6 43. Qf5 Qxb2 44. Qxh7+ Kf8 45. Qh6+ Kf7 46. Qxc6 Qa1+ 47. Kh2 Qe5+ 48. g3 Ke7 49. Qf3 Kd6 50. Kg2 1-0

[Event "EU-ch (Women) 4th playoff"]
[Site "Istanbul"]
[Date "2003.06.14"]
[Round "1"]
[White "L'Ami, Alina"]
[Black "Tqeshelashvili, Sopio"]
[Result "0-1"]
[WhiteElo "2358"]
[BlackElo "2293"]
[PlyCount "97"]
[EventDate "2003.06.14"]
[EventType "match (rapid)"]
[EventRounds "4"]
[EventCountry "TUR"]
[SourceTitle "CBM 094 Extra"]
[Source "ChessBase"]
[SourceDate "2003.07.09"]
[SourceVersion "2"]
[SourceVersionDate "2003.07.09"]
[SourceQuality "1"]

1. d4 Nf6 2. c4 e6 3. Nc3 Bb4 4. e3 c5 5. Nf3 Nc6 6. Bd3 Bxc3+ 7. bxc3 d6 8. 0-0 e5 9. d5 Ne7 10. e4 h6 11. Nh4 g5 12. Nf5 Ng6 13. Qa4+ Kf8 14. g3 Ne7 15. Qc2 Nexd5 16. exd5 g4 17. f4 gxf3 18. Rxf3 Qe7 19. Be4 Ke8 20. Kf1 Kd8 21. Ke1 Kc7 22. Be3 b6 23. Kd2 Ba6 24. Qd3 Bb7 25. Rff1 a5 26. Rab1 Ba6 27. h3 Qd7 28. Bf3 Qa4 29. Be2 Qxa2+ 30. Kc1 e4 31. Qd2 Bxc4 32. Rb2 Qa1+ 33. Rb1 Qa3+ 34. Kd1 Bxd5 35. c4 Qa4+ 36. Ke1 Bxc4 37. Bd1 Qc6 38. Rf2 Nd5 39. Bc2 Nxe3 40. Qxe3 d5 41. Qxc5 bxc5 42. Ra1 Rae8 43. Rd2 Kb6 44. Ba4 Qe6 45. g4 e3 46. Rh2 Rd8 47. h4 Rb8 48. g5 hxg5 49. hxg5 0-1

[Event "EU-ch (Women) 4th"]
[Site "Istanbul"]
[Date "2003.06.14"]
[Round "11"]
[White "Tqeshelashvili, Sopio"]
[Black "Ciuksyte, Dagne"]
[Result "1-0"]
[WhiteElo "2293"]
[BlackElo "2375"]
[PlyCount "31"]
[EventDate "2003.06.02"]
[EventType "swiss"]
[EventRounds "11"]
[EventCountry "TUR"]
[SourceTitle "CBM 094 Extra"]
[Source "ChessBase"]
[SourceDate "2003.07.09"]
[SourceVersion "2"]
[SourceVersionDate "2003.07.09"]
[SourceQuality "1"]

1. d4 Nf6 2. Bg5 d5 3. Bxf6 exf6 4. e3 Bd6 5. c4 dxc4 6. Bxc4 f5 7. Nc3 0-0 8. Qf3 Nd7 9. Nge2 Nf6 10. h4 c6 11. Ng3 Qa5 12. 0-0 Re8 13. Rae1 g6 14. e4 f4 15. e5 Bg4 16. Qxf4 1-0

[Event "EU-ch (Women) 4th playoff"]
[Site "Istanbul"]
[Date "2003.06.14"]
[Round "2"]
[White "Tqeshelashvili, Sopio"]
[Black "L'Ami, Alina"]
[Result "1/2-1/2"]
[WhiteElo "2293"]
[BlackElo "2358"]
[PlyCount "74"]
[EventDate "2003.06.14"]
[EventType "match (rapid)"]
[EventRounds "4"]
[EventCountry "TUR"]
[SourceTitle "CBM 094 Extra"]
[Source "ChessBase"]
[SourceDate "2003.07.09"]
[SourceVersion "2"]
[SourceVersionDate "2003.07.09"]
[SourceQuality "1"]

1. e4 c5 2. Nf3 d6 3. Bc4 Nf6 4. Qe2 Nc6 5. h3 g6 6. c3 Bg7 7. 0-0 0-0 8. Bb3 b6 9. d4 cxd4 10. cxd4 a5 11. Bc4 d5 12. exd5 Nxd5 13. Nc3 e6 14. Bg5 f6 15. Bh4 Nce7 16. Bg3 Nxc3 17. Bxe6+ Kh8 18. bxc3 Bxe6 19. Qxe6 Nd5 20. c4 Nc3 21. Qe3 Na4 22. Rfe1 Rc8 23. Qa3 Qd7 24. Re7 Qc6 25. Rc1 Rfd8 26. Kh2 Bf8 27. d5 Bxe7 28. Qxe7 Rd7 29. Qa3 Rxd5 30. cxd5 Qxc1 31. Qe7 Qc5 32. Qxf6+ Kg8 33. Qe6+ Kg7 34. Be5+ Kh6 35. Bf4+ Kg7 36. Be5+ Kh6 37. Bf4+ Kg7 1/2-1/2

[Event "EU-ch (Women) 4th"]
[Site "Istanbul"]
[Date "2003.06.13"]
[Round "10"]
[White "Zawadzka, Beata"]
[Black "Tqeshelashvili, Sopio"]
[Result "0-1"]
[WhiteElo "2206"]
[BlackElo "2293"]
[PlyCount "76"]
[EventDate "2003.06.02"]
[EventType "swiss"]
[EventRounds "11"]
[EventCountry "TUR"]
[SourceTitle "CBM 094 Extra"]
[Source "ChessBase"]
[SourceDate "2003.07.09"]
[SourceVersion "2"]
[SourceVersionDate "2003.07.09"]
[SourceQuality "1"]

1. d4 d5 2. c4 c6 3. e3 Nf6 4. Nc3 e6 5. Nf3 Nbd7 6. Qc2 Bd6 7. e4 dxe4 8. Nxe4 Nxe4 9. Qxe4 Nf6 10. Qc2 0-0 11. Bd3 h6 12. 0-0 b6 13. Rd1 Qe7 14. Be3 c5 15. dxc5 bxc5 16. h3 Bb7 17. Nd2 Be5 18. Rab1 Rac8 19. Ne4 Nh5 20. Nc3 f5 21. Re1 Bb8 22. Qe2 Qf7 23. Rbd1 Rfe8 24. Bc1 Ba8 25. Bc2 Bf4 26. Ba4 Bxc1 27. Bxe8 Rxe8 28. Rxc1 Nf4 29. Qe5 Nxg2 30. Red1 Nh4 31. Qg3 Nf3+ 32. Kf1 f4 33. Qg2 Nd2+ 34. Rxd2 Bxg2+ 35. Kxg2 f3+ 36. Kf1 Qg6 37. Rd7 Qg2+ 38. Ke1 Qg1+ 0-1

[Event "EU-ch (Women) 4th"]
[Site "Istanbul"]
[Date "2003.06.05"]
[Round "4"]
[White "Stiri, Alexandra"]
[Black "Tqeshelashvili, Sopio"]
[Result "0-1"]
[WhiteElo "2178"]
[BlackElo "2293"]
[PlyCount "102"]
[EventDate "2003.06.02"]
[EventType "swiss"]
[EventRounds "11"]
[EventCountry "TUR"]
[SourceTitle "CBM 094 Extra"]
[Source "ChessBase"]
[SourceDate "2003.07.09"]
[SourceVersion "2"]
[SourceVersionDate "2003.07.09"]
[SourceQuality "1"]

1. e4 c5 2. Nf3 Nc6 3. Bb5 g6 4. c3 Bg7 5. d4 cxd4 6. cxd4 Qb6 7. Nc3 e6 8. d5 Bxc3+ 9. bxc3 Qxb5 10. dxc6 bxc6 11. Qd4 Ba6 12. Qe3 Nf6 13. a4 Qd3 14. Qxd3 Bxd3 15. e5 Nd5 16. Bh6 Rb8 17. Rd1 Ba6 18. Rc1 Rb2 19. c4 Nb6 20. Nd2 Nxa4 21. Ne4 Kd8 22. Nd6 Kc7 23. Nxf7 Rhb8 24. 0-0 R8b4 25. Nd6 Nb6 26. Ra1 Ra4 27. c5 Bxf1 28. cxb6+ Kxb6 29. Be3+ c5 30. Rxf1 Rc2 31. h3 a5 32. Nc8+ Kc6 33. Ne7+ Kb5 34. Rd1 Re4 35. Rxd7 Rxe5 36. Rb7+ Ka6 37. Rb8 a4 38. Ra8+ Kb5 39. Rb8+ Kc4 40. Nc6 Rd5 41. Ra8 Kb3 42. Na5+ Ka2 43. Nc6 a3 44. Ra5 Kb2 45. Bh6 c4 46. Ra8 a2 47. Nb4 Rd1+ 48. Kh2 a1Q 49. Rxa1 Rxa1 50. Bg7+ c3 51. Nxc2 Kxc2 0-1

[Event "Black Sea Countries-ch (Women)"]
[Site "Batumi"]
[Date "2002.06.19"]
[Round "2"]
[White "Tqeshelashvili, Sopio"]
[Black "Klinova, Masha"]
[Result "1/2-1/2"]
[WhiteElo "2238"]
[BlackElo "2393"]
[PlyCount "124"]
[EventDate "2002.06.18"]
[EventType "swiss"]
[EventRounds "9"]
[EventCountry "GEO"]
[SourceTitle "EXT 2003"]
[Source "ChessBase"]
[SourceDate "2002.11.25"]
[SourceVersion "1"]
[SourceVersionDate "2002.11.25"]
[SourceQuality "1"]

1. d4 d6 2. Nf3 g6 3. c4 Bg7 4. Nc3 Nc6 5. e4 e5 6. Be3 Bg4 7. d5 Nd4 8. Be2 Nxe2 9. Qxe2 Ne7 10. h3 Bd7 11. g4 a6 12. Qd2 h5 13. g5 Qc8 14. h4 0-0 15. Rg1 c5 16. dxc6 Qxc6 17. Qd3 Rfc8 18. Nd2 b5 19. Nd5 Nxd5 20. cxd5 Qc2 21. Qxc2 Rxc2 22. Rb1 a5 23. Ke2 Rac8 24. Bb6 a4 25. Ba5 f5 26. gxf6 Bxf6 27. Bc3 Kf7 28. Kd3 R8xc3+ 29. bxc3 Rxa2 30. Rh1 Bd8 31. f4 exf4 32. Rbf1 b4 33. Rxf4+ Kg7 34. Rhf1 Bg4 35. cxb4 Bxh4 36. b5 Bg5 37. Rf7+ Kh6 38. Nf3 Rb2 39. Nd4 a3 40. Ra1 a2 41. b6 Rxb6 42. Rxa2 Bh4 43. Rf8 Bg3 44. Ne6 Be5 45. Raa8 Rb7 46. Nd8 Rb3+ 47. Kc2 Rb2+ 48. Kc1 Rb4 49. Nf7+ Kg7 50. Nxe5 dxe5 51. Rg8+ Kf6 52. Ra6+ Kf7 53. Raxg6 Rxe4 54. d6 Rd4 55. R8g7+ Kf8 56. Ra7 e4 57. Rf6+ Kg8 58. Rg6+ Kf8 59. Kc2 e3 60. Rf6+ Kg8 61. Kc3 Rd1 62. Re7 e2 1/2-1/2

[Event "GEO-ch (Women) 59th"]
[Site "Tbilisi"]
[Date "2002.04.22"]
[Round "12"]
[White "Dzagnidze, Nana"]
[Black "Tqeshelashvili, Sopio"]
[Result "0-1"]
[WhiteElo "2358"]
[BlackElo "2238"]
[PlyCount "118"]
[EventDate "2002.04.??"]
[EventType "tourn"]
[EventRounds "13"]
[EventCountry "GEO"]
[EventCategory "2"]
[SourceTitle "EXT 2004"]
[Source "ChessBase"]
[SourceDate "2003.11.25"]
[SourceVersion "1"]
[SourceVersionDate "2003.11.25"]
[SourceQuality "1"]

1. d4 Nf6 2. Nf3 e6 3. Bg5 c5 4. e3 Qb6 5. Qc1 Nc6 6. c3 d5 7. Bd3 Bd7 8. 0-0 Be7 9. Nbd2 h6 10. Bh4 g5 11. Bg3 Nh5 12. dxc5 Bxc5 13. e4 Nxg3 14. hxg3 0-0-0 15. b4 Bd6 16. a4 g4 17. Ne1 h5 18. a5 Qc7 19. b5 Nxa5 20. c4 dxe4 21. Nxe4 Be5 22. Ra2 h4 23. Qe3 b6 24. c5 Kb8 25. cxb6 axb6 26. Rc2 Bc6 27. bxc6 f5 28. Ng5 hxg3 29. Nf7 Bd4 30. Qxe6 gxf2+ 31. Rfxf2 Rde8 32. Qd6 Rxe1+ 33. Bf1 Qxd6 34. Nxd6 Nxc6 35. Nxf5 g3 36. Nxg3 Rf8 37. Nh1 Ne5 38. Rcd2 Bc5 39. Rde2 Rg8 40. g3 Rxe2 41. Bxe2 Ng4 42. Bxg4 Rxg4 43. Kg2 Bxf2 44. Nxf2 Rg6 45. g4 Kc7 46. Kf3 b5 47. Ke4 Kd6 48. Kd4 Ke6 49. Kc5 Rg5+ 50. Kb4 Rd5 51. Kc3 Kd6 52. g5 Rf5 53. Ne4+ Ke5 54. Nc5 Rxg5 55. Kb4 Kd5 56. Nd7 Kc6 57. Nb8+ Kc7 58. Na6+ Kb6 59. Nb8 Rg7 0-1

[Event "GEO-ch (Women) 59th"]
[Site "Tbilisi"]
[Date "2002.04.11"]
[Round "2"]
[White "Khukhashvili, Sopiko"]
[Black "Tqeshelashvili, Sopio"]
[Result "0-1"]
[WhiteElo "2319"]
[BlackElo "2238"]
[PlyCount "56"]
[EventDate "2002.04.??"]
[EventType "tourn"]
[EventRounds "13"]
[EventCountry "GEO"]
[EventCategory "2"]
[SourceTitle "EXT 2004"]
[Source "ChessBase"]
[SourceDate "2003.11.25"]
[SourceVersion "1"]
[SourceVersionDate "2003.11.25"]
[SourceQuality "1"]

1. e4 e6 2. d3 c5 3. g3 Nc6 4. Bg2 Be7 5. Nf3 d6 6. 0-0 Nf6 7. c4 0-0 8. Nc3 Rb8 9. Ne1 a6 10. f4 Qc7 11. g4 b5 12. g5 Nd7 13. f5 Qd8 14. h4 Nde5 15. b3 f6 16. fxe6 fxg5 17. Rxf8+ Qxf8 18. hxg5 Bxe6 19. Nd5 Bd8 20. Nc2 Rb7 21. Be3 Bg4 22. Qd2 Ba5 23. Qf2 Rf7 24. Qg3 Be2 25. Bh3 Rf3 26. Be6+ Kh8 27. Qg2 Bxd3 28. Bf5 g6 0-1